Statistics for Championships by American city

Click here to take the quiz!

General Stats

  • This quiz has been taken 59 times
  • The average score is 19 of 22

Answer Stats

HintAnswer% Correct
36Boston
100%
27Chicago
100%
7Miami
100%
54New York City
100%
16Philadelphia
100%
20Los Angeles
98%
8San Francisco
96%
8Dallas
94%
4Houston
94%
12Cleveland
92%
14Pittsburgh
92%
22Detroit
88%
7Minneapolis
86%
4Denver
84%
9Baltimore
82%
5San Antonio
80%
7Washington DC
80%
13St. Louis
73%
13Green Bay
69%
5Cincinnati
63%
7Oakland
61%
3Newark
18%

Score Distribution

Percentile by Number Answered

Percent of People with Each Score

Your Score History

You have not taken this quiz